| 000 | 00993nam0a22002891 4500 | ||
|---|---|---|---|
| 001 | RU\INFOCOMM_327\NLR\5000011813 | ||
| 005 | 20250614080011.0 | ||
| 035 | _a(NLR Aleph) 010590498 | ||
| 090 |
_a10500911 _c10500911 |
||
| 100 | _a20121212d1975 |||y0rusy50 ca | ||
| 101 | 0 | _aspa | |
| 102 | _aRU | ||
| 105 | _aa z|||| | ||
| 200 | 1 |
_aFundamentos matemáticos de la cibernética _e[Trad. del ruso ...] _fYu. M. Korshunov |
|
| 210 |
_aM. _c"Mir" _d[1975] |
||
| 215 |
_a329 с. _cил. _d22 см |
||
| 300 | _aДоп. тит. л. на рус. яз.: Ю. М. Коршунов. Математические основы кибернетики | ||
| 513 | 1 |
_aМатематические основы кибернетики _zrus |
|
| 620 | _aМосква | ||
| 686 |
_aТ8-16 _2rubbk |
||
| 686 |
_a[З81] _2rubbk |
||
| 700 | 1 |
_aKoršunov _bJ. M. _gJurij Michajlovič |
|
| 801 | 1 |
_aRU _bNLR _c20121212 |
|
| 801 | 0 |
_aRU _bINFOCOMM _gPSBO |
|
| 852 |
_aNLR _jТ95 Д-5/130 |
||
| 942 | _cBOOK | ||
| 980 | _aNB | ||